000 02981nam a22001577a 4500
041 _aukr
080 _a09
090 _bКАС
100 _aКасянчик, М. А.
245 _aАналіз метафоричних концептів Нового Заповіту (King James Version)
260 _aОстрог
_bКАФ
_c2014
300 _a103
520 _aВступ. Розділ І. Когнітивний підхід у лінгвістиці до вивчення мовних явищ. 1.1. Базові поняття когнітології 1.2. Концепт як базова одиниця когнітивної лінгвістики 1.3. Концептуальна картина світу 1.4. Концептуальна метафора як засіб когніції Розділ ІІ. Концептуально-метафоричний простір Нового Заповіту. 2.1. Концептуальна метафора як засіб концептуалізації дійсності 2.1.1. Метафори на позначення концепту ІСУС 2.1.2. Метафори на позначення концепту ЛЮДИНА 2.1.3. Метафори на позначення концепту ЖИТТЯ 2.1.4. Метафори на позначення концепту ГРІХ 2.1.5. Метафори на позначення концепту ПОКАРАННЯ 2.1.6. Метафори на позначення концепту ЛЮБОВ 2.1.7. Метафори на позначення концепту ЦАРСТВО БОЖЕ 2.1.8. Метафори на позначення концепту ПОКАЯННЯ 2.1.9. Група метафор на позначення концепту ПЕРЕМІНА 2.1.10. Метафори на позначення концепту ТІЛО 2.1.11. Метафори на позначення концепту ЯЗИК 2.1.12. Метафори на позначення концепту СТРАЖДАННЯ та ВИПРОВУВАННЯ 2.1.13. Метафори на позначення концепту СПРАВИ 2.1.14. Метафори на позначення концепту САТАНА 2.1.15. Метафори на позначення концепту ДРУГЕ ПРИШЕСТЯ Розділ ІІІ. Економічна відповідальність підприємств за порушення нормативних актів про охорону праці. 3.1. Система регулювання дотримання охорони працівника 3.2. Економічна відповідальність підприємств за порушення нормативних актів про охорону праці Висновки. Список використаної літератури. Додатки.
_0лінгвістика, метафора, Новий Заповіт
650 _aResearch Papers
999 _c285367
_d285367
942 _cBK